| 000 -LEADER |
| fixed length control field |
00740nam a22001337a 4500 |
| 008 - FIXED-LENGTH DATA ELEMENTS--GENERAL INFORMATION |
| fixed length control field |
250603b ||||| |||| 00| 0 eng d |
| 100 ## - MAIN ENTRY--PERSONAL NAME |
| Personal name |
Debbarma, Marconi and Debbarma, Twichangma |
| 245 ## - TITLE STATEMENT |
| Title |
A study on the political of identity preservation and challenges of the Buddhist minority in Tripura |
| 260 ## - PUBLICATION, DISTRIBUTION, ETC. (IMPRINT) |
| Place of publication, distribution, etc |
Social Action: A Quarterly Review of Social Trends |
| 300 ## - PHYSICAL DESCRIPTION |
| Extent |
75(2), Apr-Jun, 2025: p.210-223 |
| 520 ## - SUMMARY, ETC. |
| Summary, etc |
This article examines the challenges faced by the Buddhist minority in Tripura, a state in northeastern India, with a focus on socio-political marginalization cultural preservation and displacement issues. – Reproduced |
| 773 ## - HOST ITEM ENTRY |
| Main entry heading |
Social Action: A Quarterly Review of Social Trends |
| 942 ## - ADDED ENTRY ELEMENTS (KOHA) |
| Item type |
Articles |